Hepatits C infection as a systematic disease : extra-hepatic manifestation of hepatitis C (Record no. 64236)

MARC details
000 -LEADER
fixed length control field 01053nam a2200217 a 4500
008 - FIXED-LENGTH DATA ELEMENTS--GENERAL INFORMATION
fixed length control field 220113s2017 ||||||||||||||||| || u
020 ## - INTERNATIONAL STANDARD BOOK NUMBER
International Standard Book Number 9780323532396
050 ## - LIBRARY OF CONGRESS CALL NUMBER
Classification number RC 848 .H42 Hep
100 ## - MAIN ENTRY--PERSONAL NAME
Personal name Younossi M. Zobair
245 10 - TITLE STATEMENT
Title Hepatits C infection as a systematic disease : extra-hepatic manifestation of hepatitis C
Statement of responsibility, etc. Edited by Zobair M. Younossi
260 ## - PUBLICATION, DISTRIBUTION, ETC.
Place of publication, distribution, etc. Philadelphia, United States
Name of publisher, distributor, etc. Elsevier
Date of publication, distribution, etc. 2017
300 ## - PHYSICAL DESCRIPTION
Extent xii, 643 pages : illustrations
490 ## -
-- Clinics in liver disease
490 ## -
-- volume 21, number 3
500 ## - GENERAL NOTE
General note The page numbers start from 450.
650 ## - SUBJECT ADDED ENTRY--TOPICAL TERM
Topical term or geographic name entry element LIVER DISEASES
650 ## - SUBJECT ADDED ENTRY--TOPICAL TERM
Topical term or geographic name entry element HEPATITIS C
650 ## - SUBJECT ADDED ENTRY--TOPICAL TERM
Topical term or geographic name entry element INFECTIOUS DISEASES
995 ## -
-- MEDICAL LIBRARY OPEN ACCESS
-- 905259
-- CBU-SCHOOL OF MEDICINE LIBRARY (Ndola)
-- 94.14
-- RC 848 .H42 Hep
-- 1
-- AVAILABLE
-- Jan 13, 2022
-- 905259
-- Medical Library Open Access Collection
995 ## -
-- MEDICAL LIBRARY OPEN ACCESS
-- 905260
-- CBU-SCHOOL OF MEDICINE LIBRARY (Ndola)
-- 94.14
-- RC 848 .H42 Hep
-- 2
-- AVAILABLE
-- Jan 13, 2022
-- 905260
-- Medical Library Open Access Collection
999 ## -
-- 64236
-- 64236

No items available.